Novísimo Atlas mudo. Para ejercicios gráficos de Historia de España.

Guardado en:
Detalles Bibliográficos
Autor principal: Ballester, Rafael Autor, Catedrático de Geografía e Historia en el Instituto de Gerona. Blanes, P Dibujos. Fraga, J
Formato: Desconocido
Lenguaje:español
Publicado: Gerona Imprenta y Librería de la Viuda e hijo de José Franquet y Serra 1917
Catálogo:MANES:  Resultados de Búsqueda del Catálogo
Clasificación de libros de texto:
Materias:
Etiquetas: Agregar Etiqueta
Sin Etiquetas, Sea el primero en etiquetar este registro!
Añadido a:2016-04-26

MARC

LEADER 000000000a22000000004500
001 21749
008 160427s sp ||||| |||| 00| 0 spa d
040 |a manes  |c manes 
100 1 |a Ballester, Rafael  |b Autor, Catedrático de Geografía e Historia en el Instituto de Gerona.  |a Blanes, P  |b Dibujos.  |a Fraga, J 
245 0 0 |a  Novísimo Atlas mudo. Para ejercicios gráficos de Historia de España. 
260 |a Gerona  |b Imprenta y Librería de la Viuda e hijo de José Franquet y Serra  |c 1917 
300 |c 35 x 31 cm. 
500 |a Contiene 30 mapas en color. No tiene repaginación. Su precio era de 6 pesetas. 
546 |a España 
650 7 |a Geografía 
655 7 |a Secundaria 
942 |2 ddc  |c BK 
999 |c 48949  |d 48949 
999 |c manes:48949  |d 48949